|
|
|
|
| LEADER |
00000cam a2200000 7i4500 |
| 001 |
0000030299 |
| 005 |
20110119.0 |
| 008 |
110118 |
| 020 |
|
|
|a 9831503997
|
| 090 |
0 |
0 |
|a 398.9992303
|b RAH
|
| 100 |
0 |
|
|a Rahman Tahir
|
| 245 |
1 |
0 |
|a Ensiklopedia umum peribahasa dan contoh penggunaannya :
|b jilid 7
|c Rahman Tahir, Khalijah Awang
|
| 260 |
|
|
|a Selangor :
|b Arus Intelek ,
|c 2008
|
| 650 |
|
0 |
|a Proverbs, Malay
|x Encyclopedias
|
| 700 |
0 |
|
|a Khalijah Awang
|
| 999 |
|
|
|a 0001064794
|b Book
|c Adult Collection
|e Cawangan Bandar Penawar
|
| 999 |
|
|
|a 0001065030
|b Book
|c Adult Collection
|e Cawangan Tmn. Ungku Tun Aminah
|
| 999 |
|
|
|a 0001065662
|b Book
|c REFERENCE
|e Cawangan Segamat
|
| 999 |
|
|
|a 0001065853
|b Book
|c Adult Collection
|e Cawangan Bukit Gambir
|
| 999 |
|
|
|a 0001066093
|b Book
|c Adult Collection
|e Cawangan Bandar Tenggara
|
| 999 |
|
|
|a 0001066241
|b Book
|c Adult Collection
|e Cawangan Tangkak
|
| 999 |
|
|
|a 0001066630
|b Book
|c Adult Collection
|e Cawangan Mersing
|